[Event "Jerusalem Japhet Memorial op 3rd"]
[Site "Jerusalem"]
[Date "2016.07.12"]
[Round "4"]
[White "Pravdivetz, Vladimir"]
[Black "Belytsky, Alexandr"]
[Result "1-0"]
[WhiteElo "1944"]
[BlackElo "2194"]
[PlyCount "65"]
[EventDate "2016.07.10"]
[EventType "swiss"]
[EventRounds "7"]
[EventCountry "ISR"]
[SourceTitle "CBM 173 Extra"]
[Source "ChessBase"]
[SourceDate "2016.08.29"]
[SourceVersion "1"]
[SourceVersionDate "2016.08.29"]
[SourceQuality "1"]

1. d4 Nf6 2. Nf3 e6 3. c4 b6 4. Nc3 Bb7 5. Bg5 Be7 6. e3 0-0 7. Be2 d6 8. 0-0 Nbd7 9. b4 Re8 10. Nd2 c5 11. bxc5 bxc5 12. Rb1 Qc8 13. Nb3 Ne4 14. Nxe4 Bxe4 15. Bxe7 cxd4 16. Bxd6 Bxb1 17. Qxb1 Qa6 18. Bc5 Nxc5 19. Nxc5 Qd6 20. exd4 Qxd4 21. Na6 Rac8 22. c5 Red8 23. Bf3 g6 24. Bb7 Rxc5 25. Nxc5 Qxc5 26. Rc1 Qa3 27. Rc8 Rxc8 28. Bxc8 Qc3 29. Bb7 a5 30. a4 h5 31. g3 Kg7 32. h4 e5 33. Bd5 1-0

[Event "Jerusalem Japhet Memorial op 3rd"]
[Site "Jerusalem"]
[Date "2016.07.11"]
[Round "2"]
[White "Adar, Idan"]
[Black "Belytsky, Alexandr"]
[Result "0-1"]
[WhiteElo "1975"]
[BlackElo "2194"]
[PlyCount "21"]
[EventDate "2016.07.10"]
[EventType "swiss"]
[EventRounds "7"]
[EventCountry "ISR"]
[SourceTitle "CBM 173 Extra"]
[Source "ChessBase"]
[SourceDate "2016.08.29"]
[SourceVersion "1"]
[SourceVersionDate "2016.08.29"]
[SourceQuality "1"]

1. d4 Nf6 2. Bg5 d5 3. Bxf6 gxf6 4. c4 c6 5. e3 e6 6. Nc3 Nd7 7. Qf3 f5 8. Nge2 Nf6 9. Nf4 Ne4 10. Bd3 Bb4 11. Bxe4 0-1

[Event "Jerusalem Japhet Memorial op 3rd"]
[Site "Jerusalem"]
[Date "2016.07.10"]
[Round "1"]
[White "Belytsky, Alexandr"]
[Black "Huzman, Alexander"]
[Result "0-1"]
[WhiteElo "2194"]
[BlackElo "2572"]
[PlyCount "64"]
[EventDate "2016.07.10"]
[EventType "swiss"]
[EventRounds "7"]
[EventCountry "ISR"]
[SourceTitle "CBM 173 Extra"]
[Source "ChessBase"]
[SourceDate "2016.08.29"]
[SourceVersion "1"]
[SourceVersionDate "2016.08.29"]
[SourceQuality "1"]

1. d4 Nf6 2. Nf3 g6 3. g3 Bg7 4. Bg2 0-0 5. 0-0 d6 6. c4 c6 7. Nc3 Bf5 8. b3 Ne4 9. Bb2 Nxc3 10. Bxc3 Be4 11. Qd2 Nd7 12. Nh4 Bxg2 13. Nxg2 d5 14. Rfe1 Nf6 15. cxd5 Ne4 16. Qd3 Nxc3 17. Qxc3 Qxd5 18. Rad1 Rfd8 19. Qb4 Rd7 20. e3 Rad8 21. Nf4 Qf3 22. Nd3 b6 23. Qc4 c5 24. dxc5 bxc5 25. Rd2 e5 26. Red1 e4 27. Ne1 Qxd1 28. Rxd1 Rxd1 29. Kf1 Rb1 30. Ke2 Rb2+ 31. Nc2 Rd3 32. Qxc5 Rc3 0-1

[Event "EU-ch 16th"]
[Site "Jerusalem"]
[Date "2015.02.26"]
[Round "3"]
[White "Banusz, Tamas"]
[Black "Belytsky, Alexandr"]
[Result "1/2-1/2"]
[WhiteElo "2582"]
[BlackElo "2227"]
[PlyCount "125"]
[EventDate "2015.02.24"]
[EventType "swiss"]
[EventRounds "11"]
[EventCountry "ISR"]
[SourceTitle "CBM 166"]
[Source "ChessBase"]
[SourceDate "2015.05.11"]
[SourceVersion "1"]
[SourceVersionDate "2015.05.11"]
[SourceQuality "1"]

1. Nf3 Nf6 2. c4 c5 3. Nc3 d5 4. cxd5 Nxd5 5. g3 g6 6. Bg2 Bg7 7. 0-0 0-0 8. d4 Nxc3 9. bxc3 Nc6 10. Be3 Qc7 11. d5 Ne5 12. Nxe5 Bxe5 13. Rc1 Bd7 14. Bh6 Bg7 15. Bf4 Be5 16. Bh6 Bg7 17. Bxg7 Kxg7 18. f4 Rad8 19. c4 Rfe8 20. Qb3 b6 21. Qb2+ Kg8 22. e4 e5 23. Rce1 Bc8 24. Rf2 Qd6 25. Qe2 Bd7 26. Qf1 f5 27. Rfe2 fxe4 28. Rxe4 exf4 29. gxf4 Rxe4 30. Rxe4 Rf8 31. Qf2 b5 32. cxb5 Qxd5 33. a4 Bf5 34. Re1 Qc4 35. Qb2 Be6 36. a5 Bd5 37. Re7 Bf7 38. b6 axb6 39. axb6 Rd8 40. Re1 Qxf4 41. b7 Qc7 42. Qe5 Qb6 43. Ra1 c4+ 44. Kh1 Re8 45. Qc3 Rb8 46. Qg3 Rxb7 47. Bxb7 Qxb7+ 48. Kg1 Qb2 49. Re1 c3 50. Qe5 Qb4 51. Qe3 c2 52. Rc1 Qg4+ 53. Kf2 Qd1 54. Qe1 Qd3 55. Qe3 Qf5+ 56. Ke1 g5 57. Kd2 Bg6 58. Qd4 Qa5+ 59. Ke3 Qa3+ 60. Kd2 Qa5+ 61. Ke3 Qa3+ 62. Kd2 Qa5+ 63. Ke3 1/2-1/2

[Event "Kefar Sava schev"]
[Site "Kefar Sava"]
[Date "2010.06.29"]
[Round "8"]
[White "Belytsky, Alexandr"]
[Black "Levin, Yonatan"]
[Result "0-1"]
[WhiteElo "2323"]
[BlackElo "2085"]
[PlyCount "49"]
[EventDate "2010.06.20"]
[EventType "schev"]
[EventRounds "10"]
[EventCountry "ISR"]
[SourceTitle "CBM 137 Extra"]
[Source "ChessBase"]
[SourceDate "2010.09.01"]
[SourceVersion "1"]
[SourceVersionDate "2010.09.01"]
[SourceQuality "1"]

1. d4 Nf6 2. c4 e6 3. Nc3 c5 4. d5 exd5 5. cxd5 d6 6. Nf3 g6 7. g3 Bg7 8. Bg2 0-0 9. 0-0 a6 10. a4 Re8 11. Nd2 Nbd7 12. Nc4 Ne5 13. Na3 Nh5 14. h3 f5 15. Kh2 Bd7 16. Bd2 Rb8 17. f4 Nf7 18. Nc4 b5 19. axb5 axb5 20. Na5 b4 21. Nb1 Ra8 22. Nb3 Rxa1 23. Nxa1 Bxb2 24. Nc2 Ba4 25. Bc1 0-1

[Event "Kefar Sava schev"]
[Site "Kefar Sava"]
[Date "2010.06.28"]
[Round "7"]
[White "Ben Artzi, Ido"]
[Black "Belytsky, Alexandr"]
[Result "1-0"]
[WhiteElo "2143"]
[BlackElo "2323"]
[PlyCount "67"]
[EventDate "2010.06.20"]
[EventType "schev"]
[EventRounds "10"]
[EventCountry "ISR"]
[SourceTitle "CBM 137 Extra"]
[Source "ChessBase"]
[SourceDate "2010.09.01"]
[SourceVersion "1"]
[SourceVersionDate "2010.09.01"]
[SourceQuality "1"]

1. d4 Nf6 2. c4 e6 3. Nc3 Bb4 4. e3 0-0 5. Bd3 c5 6. Nf3 d5 7. a3 Ba5 8. 0-0 Nc6 9. cxd5 exd5 10. Bd2 cxd4 11. Nxd4 Ne5 12. Be2 a6 13. Qb3 Bc7 14. Rfd1 Qd6 15. g3 Rd8 16. Rac1 Bd7 17. e4 dxe4 18. Bf4 Re8 19. Ndb5 Qb6 20. Be3 Qa5 21. Nxc7 Qxc7 22. Nd5 Qa5 23. Nb6 Be6 24. Qc2 Rab8 25. Qc7 Bg4 26. Bxg4 Nd3 27. Be2 Nxc1 28. Qxc1 Qf5 29. Bf4 Rbd8 30. Rxd8 Rxd8 31. Qc7 Re8 32. Bc4 Rf8 33. Qe5 Qg4 34. Qd4 1-0

[Event "Kefar Sava schev"]
[Site "Kefar Sava"]
[Date "2010.06.22"]
[Round "3"]
[White "Steinberg, Nitzan"]
[Black "Belytsky, Alexandr"]
[Result "0-1"]
[WhiteElo "2221"]
[BlackElo "2323"]
[PlyCount "86"]
[EventDate "2010.06.20"]
[EventType "schev"]
[EventRounds "10"]
[EventCountry "ISR"]
[SourceTitle "CBM 137 Extra"]
[Source "ChessBase"]
[SourceDate "2010.09.01"]
[SourceVersion "1"]
[SourceVersionDate "2010.09.01"]
[SourceQuality "1"]

1. e4 e5 2. Nf3 Nc6 3. Bb5 a6 4. Ba4 Nf6 5. Qe2 Be7 6. c3 b5 7. Bc2 d5 8. d3 0-0 9. 0-0 Bg4 10. Rd1 d4 11. Nbd2 Nh5 12. Nf1 Nf4 13. Bxf4 exf4 14. h3 Bh5 15. g4 fxg3 16. Nxg3 Bg6 17. Bb3 dxc3 18. Bd5 Qd7 19. bxc3 Bf6 20. d4 Rae8 21. Qf1 h5 22. h4 Ne7 23. Bb7 c6 24. Bxa6 Qg4 25. Nh2 Qf4 26. a4 Bxh4 27. Qg2 bxa4 28. Bd3 Ra8 29. Ne2 Qf6 30. Nf3 Nc8 31. e5 Qd8 32. Nxh4 Qxh4 33. Qxc6 Ne7 34. Qf3 a3 35. Ra2 Ra5 36. Nf4 Bxd3 37. Rxd3 Rb8 38. Nxh5 Rb2 39. Ra1 a2 40. Rdd1 Nd5 41. Ng3 Nf4 42. Ne4 Ra6 43. Kf1 Rh6 0-1

[Event "Kefar Sava schev"]
[Site "Kefar Sava"]
[Date "2010.06.21"]
[Round "2"]
[White "Belytsky, Alexandr"]
[Black "Boruchovsky, Avital"]
[Result "0-1"]
[WhiteElo "2323"]
[BlackElo "2159"]
[PlyCount "94"]
[EventDate "2010.06.20"]
[EventType "schev"]
[EventRounds "10"]
[EventCountry "ISR"]
[SourceTitle "CBM 137 Extra"]
[Source "ChessBase"]
[SourceDate "2010.09.01"]
[SourceVersion "1"]
[SourceVersionDate "2010.09.01"]
[SourceQuality "1"]

1. d4 Nf6 2. c4 g6 3. Nc3 d5 4. Nf3 Bg7 5. Bg5 Ne4 6. cxd5 Nxg5 7. Nxg5 e6 8. Qd2 h6 9. Nf3 exd5 10. e3 c6 11. h4 Qd6 12. Bd3 Bg4 13. Nh2 Be6 14. f4 Nd7 15. h5 Bf5 16. hxg6 Bxg6 17. 0-0-0 0-0-0 18. Nf3 Bxd3 19. Qxd3 Rde8 20. Nh4 Qe6 21. Nf5 Bf8 22. g4 Rg8 23. Rdg1 Rg6 24. Rh3 Bb4 25. a3 Bxc3 26. bxc3 Reg8 27. Rh4 Nb6 28. Rgh1 Rxg4 29. Rxg4 Rxg4 30. Rxh6 Rg1+ 31. Kc2 Rg2+ 32. Kc1 Rg1+ 33. Kc2 f6 34. Rh8+ Kc7 35. Rh7+ Nd7 36. Rh2 c5 37. dxc5 Nxc5 38. Nd4 Qe8 39. Qb5 Qe4+ 40. Kd2 Kd6 41. Rh8 Rb1 42. Rd8+ Kc7 43. Qxc5+ Kxd8 44. Qf8+ Kc7 45. Qf7+ Kb6 46. Qxf6+ Ka5 47. Qf5 Qg2+ 0-1

[Event "Kefar Sava schev"]
[Site "Kefar Sava"]
[Date "2010.06.20"]
[Round "1"]
[White "Reshef, Omer"]
[Black "Belytsky, Alexandr"]
[Result "1/2-1/2"]
[WhiteElo "1950"]
[BlackElo "2323"]
[PlyCount "98"]
[EventDate "2010.06.20"]
[EventType "schev"]
[EventRounds "10"]
[EventCountry "ISR"]
[SourceTitle "CBM 137 Extra"]
[Source "ChessBase"]
[SourceDate "2010.09.01"]
[SourceVersion "1"]
[SourceVersionDate "2010.09.01"]
[SourceQuality "1"]

1. e4 e5 2. Nf3 Nc6 3. Nc3 g6 4. d4 exd4 5. Nxd4 Bg7 6. Be3 Nf6 7. Qd2 0-0 8. 0-0-0 d6 9. f3 Re8 10. g4 Nxd4 11. Bxd4 Be6 12. g5 Nh5 13. Bxg7 Nxg7 14. Rg1 Qe7 15. f4 c6 16. Qxd6 Qxd6 17. Rxd6 Nh5 18. f5 gxf5 19. Bh3 f4 20. Bg2 Bg4 21. Bf1 Bf3 22. Rd3 Bxe4 23. Nxe4 Rxe4 24. Rh3 f3 25. Rxf3 Nf4 26. Bd3 Rd4 27. Rgf1 Nxd3+ 28. cxd3 Rd7 29. Kc2 Re8 30. R1f2 Kg7 31. Kc3 Re5 32. h4 Red5 33. b4 a5 34. a3 axb4+ 35. axb4 c5 36. Rb2 b5 37. bxc5 Rxc5+ 38. Kd2 Rcd5 39. Rb4 Ra7 40. Ke3 Ra4 41. Rff4 Ra7 42. Rfd4 Re7+ 43. Kf4 Rc5 44. Rd6 Re6 45. Rdd4 h6 46. gxh6+ Rxh6 47. Kg3 Rg6+ 48. Rg4 Rc3 49. Rxg6+ fxg6 1/2-1/2

[Event "Nizhnij Novgorod Voroniatov Memor 5th"]
[Site "Nizhnij Novgorod"]
[Date "2008.06.14"]
[Round "?"]
[White "Belytsky, Alexandr"]
[Black "Svetlov, Dmitry"]
[Result "1/2-1/2"]
[WhiteElo "2298"]
[BlackElo "2314"]
[PlyCount "66"]
[EventDate "2008.06.14"]
[EventType "swiss"]
[EventRounds "9"]
[EventCountry "RUS"]
[SourceTitle "EXT 2022"]
[Source "ChessBase"]
[SourceDate "2021.10.06"]
[SourceVersion "1"]
[SourceVersionDate "2021.10.06"]
[SourceQuality "1"]

1. Nf3 Nf6 2. g3 d5 3. Bg2 c6 4. 0-0 Bg4 5. d4 e6 6. c4 Be7 7. Nbd2 0-0 8. h3 Bh5 9. g4 Bg6 10. Ne5 Nbd7 11. Nxg6 hxg6 12. Qc2 Rc8 13. c5 e5 14. e3 e4 15. b4 Ne8 16. f4 exf3 17. Rxf3 Nc7 18. Bb2 Bg5 19. Re1 Nf6 20. Rff1 Re8 21. Qd3 Bh4 22. Re2 Ne6 23. e4 dxe4 24. Nxe4 Nxe4 25. Rxe4 Rc7 26. b5 Ree7 27. Qc4 cxb5 28. Qxb5 Red7 29. Qe2 Kh7 30. Re5 Nxd4 31. Bxd4 Rxd4 32. Re8 Rd2 33. Rxd8 Rxe2 1/2-1/2

[Event "Moscow Aeroflot op-B"]
[Site "Moscow"]
[Date "2004.02.21"]
[Round "5"]
[White "Belytsky, Alexandr"]
[Black "Sergeev, Veniamin"]
[Result "1-0"]
[WhiteElo "2360"]
[BlackElo "2407"]
[PlyCount "77"]
[EventDate "2004.02.17"]
[EventType "swiss"]
[EventRounds "9"]
[EventCountry "RUS"]
[SourceTitle "EXT 2005"]
[Source "ChessBase"]
[SourceDate "2004.11.15"]
[SourceVersion "1"]
[SourceVersionDate "2004.11.15"]
[SourceQuality "1"]

1. d4 Nf6 2. c4 c5 3. Nf3 cxd4 4. Nxd4 e6 5. Nc3 a6 6. e4 Bb4 7. Bd3 Bxc3+ 8. bxc3 d6 9. 0-0 e5 10. Nf5 Bxf5 11. exf5 Nbd7 12. Qf3 Nc5 13. Bc2 0-0 14. g4 Nfd7 15. g5 Re8 16. Be3 g6 17. Rfd1 e4 18. Qf4 Re5 19. fxg6 hxg6 20. Rxd6 Qe7 21. Rd5 Re8 22. Rad1 b6 23. h4 a5 24. Qg3 Rxd5 25. cxd5 Ne5 26. d6 Qb7 27. Bxc5 bxc5 28. Qf4 Nd3 29. Qe3 c4 30. Ba4 Rd8 31. d7 Qc7 32. Qxe4 Nb2 33. Qe8+ Kg7 34. h5 gxh5 35. Rd6 Nxa4 36. Qe5+ Kf8 37. Qh8+ Ke7 38. Qf6+ Kf8 39. Re6 1-0